| 000 | 00504nam a2200169 i 4500 | ||
|---|---|---|---|
| 001 | 142395 | ||
| 003 | ES-MaACL | ||
| 005 | 20230906200518.0 | ||
| 007 | t| | ||
| 008 | 071005s1960 sp ||||1| spa d | ||
| 100 | 1 |
_aVillacañas, Juan Antonio. _9114906 |
|
| 245 | 1 | 0 |
_aMarcha destriunfal / _cJuan Antonio Villacañas. |
| 260 |
_aBilbao : _b[s.n.], _c1960 ( _fImpr. Rafael Gómez Menor) |
||
| 300 |
_a119 p. ; _c22 cm. |
||
| 852 |
_aES-MaACL _jC-16960 _bR.45495 |
||
| 852 |
_aES-MaACL _jC-22553 _bR.51310 |
||
| 999 |
_c142395 _d142395 |
||